Normal view
MARC view
Entry Topical Term
001 - CONTROL NUMBER
- control field: 73170
003 - CONTROL NUMBER IDENTIFIER
- control field: OSt
005 - DATE AND TIME OF LATEST TRANSACTION
- control field: 20181106124801.0
008 - FIXED-LENGTH DATA ELEMENTS
- fixed length control field: 181106|| aca||aabn | a|a d
040 ## - CATALOGING SOURCE
- Original cataloging agency: OSt
- Transcribing agency: OSt
150 ## - HEADING--TOPICAL TERM
- Topical term or geographic name entry element: रेलवे
670 ## - SOURCE DATA FOUND
- Source citation: Work cat.: (OSt): Arihnat 73169, रेलवे भर्ती बोर्ड्रस ग्रुप- डी 65 सॉल्व्ड पेपर्स , 2018









